[Event "Norrkoping op"]
[Site "Norrkoping"]
[Date "2025.04.20"]
[Round "7"]
[White "Nygren, David"]
[Black "Ernst, Thomas"]
[Result "0-1"]
[WhiteElo "2087"]
[BlackElo "2301"]
[PlyCount "58"]
[EventDate "2025.04.18"]
[EventType "swiss"]
[EventRounds "8"]
[EventCountry "SWE"]
[SourceTitle "CB17_2025"]
[SourceDate "2025.04.23"]
[SourceVersion "1"]
[SourceVersionDate "2025.04.23"]
[SourceQuality "1"]

1. e4 e5 2. Nf3 Nc6 3. Bb5 a6 4. Ba4 Nf6 5. d4 exd4 6. 0-0 Be7 7. e5 Ne4 8. Nxd4 0-0 9. Nf5 d5 10. Bxc6 bxc6 11. Nxe7+ Qxe7 12. Re1 f6 13. f3 Ng5 14. b3 Bb7 15. Ba3 c5 16. Qd4 Ne6 17. exf6 Rxf6 18. Qe5 Qf7 19. Nd2 Nd4 20. c3 Nc2 21. Bxc5 Nxa1 22. Rxa1 Re8 23. Qd4 Re2 24. Qd3 Rfe6 25. Ne4 Rxg2+ 26. Kxg2 dxe4 27. Qd8+ Re8 28. Qg5 Qxf3+ 29. Kg1 e3 0-1

[Event "Karlstad op"]
[Site "Karlstad"]
[Date "2024.12.28"]
[Round "4"]
[White "Skaar, Ben Samuel Groth"]
[Black "Nygren, David"]
[Result "0-1"]
[WhiteElo "1973"]
[BlackElo "2142"]
[PlyCount "110"]
[EventDate "2024.12.27"]
[EventType "swiss"]
[EventRounds "8"]
[EventCountry "SWE"]
[SourceTitle "CB01_2025"]
[SourceDate "2025.01.01"]
[SourceVersion "1"]
[SourceVersionDate "2025.01.01"]
[SourceQuality "1"]

1. e4 e6 2. d4 d5 3. Nc3 Bb4 4. exd5 exd5 5. Bd3 Nf6 6. Nge2 c5 7. dxc5 Bxc5 8. 0-0 h6 9. Nf4 Bg4 10. Bb5+ Nc6 11. Re1+ Kf8 12. Qd2 Bb4 13. Nfxd5 Nxd5 14. Qxd5 Qxd5 15. Nxd5 Bxe1 16. Ne3 Be6 17. c3 Rd8 18. Nf1 Ne5 19. Be3 Bxc3 20. bxc3 a6 21. Ba4 f6 22. Ng3 Kf7 23. Ne2 b5 24. Bb3 Rhe8 25. h3 Nc4 26. Nd4 Bd5 27. Bxc4 Bxc4 28. a4 Bd3 29. axb5 Bxb5 30. Rb1 Bd3 31. Rb7+ Kg6 32. Nc6 Rd6 33. Rc7 Kh7 34. Bc5 Rde6 35. Bb4 Re1+ 36. Kh2 Rf1 37. Kg3 Re2 38. Bc5 Be4 39. Re7 Rg1 40. Kf4 Bd3 41. Be3 Rxg2 42. Kf3 Rh2 43. Kg3 Rh1 44. Nd4 Ree1 45. Nf3 Rb1 46. Bd4 Kg8 47. Bc5 Rb5 48. Rc7 Bf1 49. h4 Rh3+ 50. Kg4 h5+ 51. Kf4 Bg2 52. Nd4 Rxh4+ 53. Kf5 Rb2 54. f3 Bh3+ 55. Kg6 Rg2# 0-1

[Event "Ostersund Storsjodraget op"]
[Site "Ostersund"]
[Date "2024.06.16"]
[Round "7"]
[White "Nygren, David"]
[Black "Helin, Mikael"]
[Result "1-0"]
[WhiteElo "2132"]
[BlackElo "1885"]
[PlyCount "57"]
[EventDate "2024.06.14"]
[EventType "swiss"]
[EventRounds "7"]
[EventCountry "SWE"]
[SourceTitle "CBM 220 Extra"]
[Source "ChessBase"]
[SourceDate "2024.07.31"]
[SourceVersion "1"]
[SourceVersionDate "2024.07.31"]
[SourceQuality "1"]

1. Nf3 d6 2. e4 g6 3. d4 Bg7 4. c3 Nf6 5. Bd3 Nc6 6. h3 0-0 7. 0-0 e5 8. Re1 h6 9. dxe5 dxe5 10. a4 Nh5 11. Qc2 Nf4 12. Bf1 g5 13. Na3 Qf6 14. Bxf4 exf4 15. e5 Qe7 16. Qe4 Re8 17. Bd3 Be6 18. Nb5 a5 19. Nbd4 Nd8 20. Nh2 Ra6 21. Qh7+ Kf8 22. Bxa6 bxa6 23. Ng4 c5 24. Nxh6 Qd7 25. Nxe6+ Qxe6 26. Qg8+ Ke7 27. Qxg7 Qc4 28. Rad1 Nb7 29. Nf5+ 1-0

[Event "Ostersund Storsjodraget op"]
[Site "Ostersund"]
[Date "2024.06.16"]
[Round "6"]
[White "Ytrestoyl, Sindre Lyngsaunet"]
[Black "Nygren, David"]
[Result "1/2-1/2"]
[WhiteElo "2058"]
[BlackElo "2132"]
[PlyCount "114"]
[EventDate "2024.06.14"]
[EventType "swiss"]
[EventRounds "7"]
[EventCountry "SWE"]
[SourceTitle "CBM 220 Extra"]
[Source "ChessBase"]
[SourceDate "2024.07.31"]
[SourceVersion "1"]
[SourceVersionDate "2024.07.31"]
[SourceQuality "1"]

1. e4 e6 2. d4 d5 3. e5 c5 4. c3 Nc6 5. Nf3 Qb6 6. a3 Nh6 7. b4 cxd4 8. cxd4 Nf5 9. Be3 Be7 10. Bd3 Nxe3 11. fxe3 f5 12. exf6 Bxf6 13. 0-0 Bd7 14. Kh1 0-0 15. Nc3 Rac8 16. Rc1 Ne7 17. Qb3 Kh8 18. Na4 Qd6 19. Nc5 b6 20. Nxd7 Qxd7 21. a4 Rxc1 22. Rxc1 Rc8 23. Rd1 Qc6 24. b5 Qc3 25. Qb1 g6 26. e4 Qa3 27. e5 Bg7 28. Ng5 Qxa4 29. Nxe6 Bh6 30. Be2 Qc2 31. Bf3 Qxb1 32. Rxb1 Kg8 33. h4 Kf7 34. Ng5+ Bxg5 35. hxg5 Ke6 36. Bg4+ Nf5 37. Rf1 Rc4 38. Bxf5+ gxf5 39. g4 fxg4 40. Rf6+ Ke7 41. Rf4 Rb4 42. Rxg4 Ke6 43. Rf4 Rxb5 44. Rf6+ Ke7 45. Rh6 Kf7 46. Rxh7+ Kg6 47. Rxa7 Kxg5 48. Kg2 Rb4 49. Rg7+ Kf5 50. Rf7+ Ke6 51. Rf6+ Ke7 52. Kf3 Rxd4 53. Rxb6 Re4 54. e6 Re1 55. Ra6 Kf6 56. Kf2 Re5 57. Kf3 Rxe6 1/2-1/2

[Event "Ostersund Storsjodraget op"]
[Site "Ostersund"]
[Date "2024.06.15"]
[Round "5"]
[White "Nygren, David"]
[Black "Nilsson, Oliver"]
[Result "0-1"]
[WhiteElo "2132"]
[BlackElo "2099"]
[PlyCount "66"]
[EventDate "2024.06.14"]
[EventType "swiss"]
[EventRounds "7"]
[EventCountry "SWE"]
[SourceTitle "CBM 220 Extra"]
[Source "ChessBase"]
[SourceDate "2024.07.31"]
[SourceVersion "1"]
[SourceVersionDate "2024.07.31"]
[SourceQuality "1"]

1. e4 e5 2. d4 exd4 3. Qxd4 Nc6 4. Qa4 Bc5 5. Nf3 Nf6 6. Bg5 h6 7. Bh4 0-0 8. Nbd2 Re8 9. 0-0-0 d6 10. Bb5 Bd7 11. Rhe1 a6 12. Bxc6 Bxc6 13. Qc4 b5 14. Qd3 Re6 15. Nb3 Qe8 16. e5 Bxf3 17. Qxf3 Nd7 18. Bg3 Rb8 19. Nxc5 Nxc5 20. Qc3 b4 21. Qc4 Rb5 22. f4 dxe5 23. Bh4 exf4 24. Qxf4 b3 25. Rxe6 Qxe6 26. a4 Ra5 27. Qxc7 bxc2 28. Qd8+ Kh7 29. Re1 Qc4 30. Re3 Rxa4 31. Rc3 Ra1+ 32. Kxc2 Qe2+ 33. Qd2 Qe4+ 0-1

[Event "Ostersund Storsjodraget op"]
[Site "Ostersund"]
[Date "2024.06.14"]
[Round "2"]
[White "Svensson, Leif"]
[Black "Nygren, David"]
[Result "0-1"]
[WhiteElo "1974"]
[BlackElo "2132"]
[PlyCount "126"]
[EventDate "2024.06.14"]
[EventType "swiss"]
[EventRounds "7"]
[EventCountry "SWE"]
[SourceTitle "CBM 220 Extra"]
[Source "ChessBase"]
[SourceDate "2024.07.31"]
[SourceVersion "1"]
[SourceVersionDate "2024.07.31"]
[SourceQuality "1"]

1. d4 Nf6 2. Nc3 c5 3. d5 e6 4. e4 d6 5. Bg5 Be7 6. Nf3 e5 7. Qd2 a6 8. a4 Bg4 9. Be2 Nbd7 10. 0-0 Nh5 11. Be3 h6 12. h3 Bxf3 13. Bxf3 Nf4 14. Bxf4 exf4 15. Qxf4 Ne5 16. Be2 Qb6 17. Qd2 g5 18. a5 Qd8 19. f4 gxf4 20. Qxf4 Bg5 21. Qf5 Qe7 22. Na4 Be3+ 23. Kh1 Qg5 24. Qxg5 hxg5 25. Nb6 Rd8 26. Ra3 Bf4 27. Rb3 Ng6 28. Nc4 Rb8 29. g3 Be5 30. Kg2 Ke7 31. Rbf3 Rh7 32. Rf5 f6 33. Nxe5 dxe5 34. d6+ Kd7 35. Rxf6 Rg7 36. Bg4+ Kc6 37. d7+ Kc7 38. Bh5 Ne7 39. Bg4 Rd8 40. Rf7 Rxf7 41. Rxf7 Nc6 42. c3 Nxa5 43. Rg7 Nc4 44. Rxg5 Ne3+ 45. Kf3 Nc4 46. Be6 Nxb2 47. Rxe5 Kd6 48. Rd5+ Kxe6 49. Rxc5 Rxd7 50. g4 Nd3 51. Rh5 Ne5+ 52. Ke2 a5 53. g5 a4 54. Rh6+ Ke7 55. g6 Kf6 56. Rh5 a3 57. Rf5+ Ke6 58. Rf1 Rg7 59. Ra1 Nc4 60. Kd3 b5 61. Rb1 Rxg6 62. Rxb5 a2 63. Kxc4 a1Q 0-1

[Event "Norrkoeping Easter op"]
[Site "Norrkoeping"]
[Date "2023.04.09"]
[Round "7"]
[White "Nygren, David"]
[Black "Wernberg, Hugo"]
[Result "1/2-1/2"]
[WhiteElo "2166"]
[BlackElo "2220"]
[PlyCount "83"]
[EventDate "2023.04.07"]
[EventType "swiss"]
[EventRounds "8"]
[EventCountry "SWE"]
[SourceTitle "CBM 213 Extra"]
[Source "ChessBase"]
[SourceDate "2023.05.31"]
[SourceVersion "1"]
[SourceVersionDate "2023.05.31"]
[SourceQuality "1"]

1. e4 e5 2. Nf3 Nc6 3. Bb5 a6 4. Ba4 Nf6 5. d4 exd4 6. 0-0 Be7 7. e5 Ne4 8. Nxd4 0-0 9. Nf5 d5 10. Bxc6 bxc6 11. Nxe7+ Qxe7 12. Re1 Re8 13. f3 Nd6 14. Bf4 f6 15. Nc3 fxe5 16. Rxe5 Be6 17. Qd4 Qf6 18. Bg5 Qg6 19. Bf4 Qf6 20. Bg5 Qg6 21. Bf4 Qxc2 22. Rae1 Qg6 23. Na4 Qf6 24. Bg5 Qg6 25. Nc5 Bf7 26. h4 h6 27. Bf4 Rxe5 28. Bxe5 Qh5 29. Qf4 Re8 30. Nxa6 Nc4 31. Bc3 Rxe1+ 32. Bxe1 Nxb2 33. Qxc7 Nc4 34. Qd8+ Kh7 35. Bc3 Qg6 36. Qe7 Qd3 37. Qxf7 Qxc3 38. Qf5+ Kh8 39. Qf8+ Kh7 40. Qf5+ Kh8 41. Qf8+ Kh7 42. Qf5+ 1/2-1/2

[Event "Karlstad op"]
[Site "Karlstad"]
[Date "2022.12.30"]
[Round "8"]
[White "Jonsson, Magnus"]
[Black "Nygren, David"]
[Result "0-1"]
[WhiteElo "1993"]
[BlackElo "2141"]
[PlyCount "72"]
[EventDate "2022.12.27"]
[EventType "swiss"]
[EventRounds "8"]
[EventCountry "SWE"]
[SourceTitle "CBM 211 Extra"]
[Source "ChessBase"]
[SourceDate "2023.01.31"]
[SourceVersion "1"]
[SourceVersionDate "2023.01.31"]
[SourceQuality "1"]

1. c4 e6 2. g3 Nf6 3. Bg2 d5 4. Nf3 c5 5. 0-0 Nc6 6. b3 Be7 7. Bb2 0-0 8. d4 Re8 9. e3 Bf8 10. Nbd2 cxd4 11. Nxd4 e5 12. cxd5 Nxd4 13. exd4 e4 14. Re1 Bb4 15. a3 Bg4 16. Qc1 Rc8 17. Nc4 Bxe1 18. Qxe1 Qxd5 19. Qb4 Bf3 20. Bf1 Ng4 21. h3 Qh5 22. Bc1 e3 23. Nxe3 Nxe3 24. Bxe3 Bc6 25. Rc1 Rxe3 26. fxe3 Qf3 27. Qd2 Qh1+ 28. Kf2 Re8 29. Rc3 Re6 30. Rxc6 Rxc6 31. Ke1 Qf3 32. Bc4 Rf6 33. Qe2 Qxg3+ 34. Kd1 Rf2 35. Qg4 Qf3+ 36. Qxf3 Rxf3 0-1

[Event "Karlstad op"]
[Site "Karlstad"]
[Date "2022.12.29"]
[Round "7"]
[White "Nygren, David"]
[Black "Ernst, Thomas"]
[Result "0-1"]
[WhiteElo "2141"]
[BlackElo "2273"]
[PlyCount "92"]
[EventDate "2022.12.27"]
[EventType "swiss"]
[EventRounds "8"]
[EventCountry "SWE"]
[SourceTitle "CBM 211 Extra"]
[Source "ChessBase"]
[SourceDate "2023.01.31"]
[SourceVersion "1"]
[SourceVersionDate "2023.01.31"]
[SourceQuality "1"]

1. d4 Nf6 2. Nf3 g6 3. g3 Bg7 4. Bg2 0-0 5. c4 d6 6. 0-0 Nc6 7. Nc3 a6 8. h3 Rb8 9. Qc2 Bd7 10. Rd1 Qc8 11. Kh2 b5 12. cxb5 axb5 13. Bg5 e6 14. Rac1 Qa6 15. Bxf6 Bxf6 16. d5 Nb4 17. Qb3 Bxc3 18. Rxc3 Nxd5 19. Rcc1 Rbc8 20. e4 Nf6 21. Qe3 Kg7 22. e5 Nd5 23. Qd4 f6 24. exf6+ Nxf6 25. Rc3 e5 26. Qh4 Qxa2 27. Rd2 Qa4 28. b4 e4 29. Nd4 Qxb4 30. Rcc2 d5 31. Rb2 Qa5 32. g4 c5 33. g5 Nh5 34. Ne2 Qc7+ 35. Kg1 Bc6 36. Rbc2 Qe7 37. Ra2 d4 38. Ng3 Nxg3 39. fxg3 Ra8 40. Rxa8 Bxa8 41. Ra2 Bd5 42. Qh6+ Kg8 43. Rd2 Qf7 44. Rd1 Qf2+ 45. Kh1 Qxg3 46. Ra1 Rf2 0-1

[Event "Ostersund Storsjodraget op"]
[Site "Ostersund"]
[Date "2022.06.10"]
[Round "1"]
[White "Nygren, David"]
[Black "Forsberg, Mikael"]
[Result "1-0"]
[WhiteElo "2182"]
[BlackElo "1749"]
[PlyCount "53"]
[EventDate "2022.06.10"]
[EventType "swiss"]
[EventRounds "7"]
[EventCountry "SWE"]
[SourceTitle "CBM 208 Extra"]
[Source "ChessBase"]
[SourceDate "2022.07.31"]
[SourceVersion "1"]
[SourceVersionDate "2022.07.31"]
[SourceQuality "1"]

1. e4 d6 2. d4 g6 3. Nf3 Bg7 4. Be3 Bg4 5. h3 Bxf3 6. Qxf3 c6 7. Nc3 Nd7 8. 0-0-0 e5 9. dxe5 Nxe5 10. Qg3 Qe7 11. Bd4 Nf6 12. f4 Nh5 13. Qf2 Bh6 14. Be3 Nd7 15. g4 Nhf6 16. g5 Nxe4 17. Nxe4 Qxe4 18. Bg2 Qa4 19. gxh6 Qxa2 20. Bd4 Nb6 21. Rhe1+ Kd7 22. Bxb6 axb6 23. Qxb6 Rhb8 24. Rxd6+ Kxd6 25. Qd4+ Kc7 26. Re7+ Kc8 27. Qd7# 1-0

[Event "Norrkoeping Easter op"]
[Site "Norrkoeping"]
[Date "2022.04.16"]
[Round "4"]
[White "Krantz, Christopher"]
[Black "Nygren, David"]
[Result "1/2-1/2"]
[WhiteElo "2250"]
[BlackElo "2198"]
[PlyCount "39"]
[EventDate "2022.04.15"]
[EventType "swiss"]
[EventRounds "8"]
[EventCountry "SWE"]
[SourceTitle "CBM 207 Extra"]
[Source "ChessBase"]
[SourceDate "2022.05.31"]
[SourceVersion "1"]
[SourceVersionDate "2022.05.31"]
[SourceQuality "1"]

1. d4 d5 2. Bf4 Nf6 3. e3 e6 4. Nd2 Bd6 5. Ngf3 Bxf4 6. exf4 c5 7. c3 cxd4 8. Nxd4 Nbd7 9. N2f3 Qc7 10. g3 0-0 11. Bg2 e5 12. fxe5 Nxe5 13. 0-0 Bg4 14. Qc2 Nxf3+ 15. Nxf3 Rad8 16. Rad1 Rfe8 17. Qa4 b6 18. Rfe1 h6 19. Qd4 Qc8 20. Rxe8+ 1/2-1/2

[Event "SWE-chT 1920 Superettan"]
[Site "Sweden"]
[Date "2020.01.11"]
[Round "4"]
[White "Eriksson, Daniel"]
[Black "Nygren, David"]
[Result "1-0"]
[WhiteElo "2202"]
[BlackElo "2278"]
[PlyCount "105"]
[EventDate "2019.10.18"]
[EventType "team-tourn"]
[EventRounds "9"]
[EventCountry "SWE"]
[SourceTitle "EXT 2023"]
[Source "ChessBase"]
[SourceDate "2022.10.05"]
[SourceVersion "1"]
[SourceVersionDate "2022.10.05"]
[SourceQuality "1"]
[WhiteTeam "Stockholm Rockaden II"]
[BlackTeam "Umea Rockaden"]
[WhiteTeamCountry "SWE"]
[BlackTeamCountry "SWE"]

1. e4 e6 2. d4 d5 3. e5 c5 4. c3 Nc6 5. Nf3 Qb6 6. a3 Nh6 7. b4 cxd4 8. cxd4 Nf5 9. Be3 Be7 10. Bd3 Nxe3 11. fxe3 f5 12. 0-0 0-0 13. Nc3 Bd7 14. Na4 Qd8 15. Nc5 Bxc5 16. bxc5 Be8 17. Rb1 Rb8 18. Ne1 Qg5 19. Qf3 Bh5 20. Qf2 Qe7 21. Bb5 Qc7 22. Qh4 Bg6 23. Qf4 Qa5 24. Rf2 a6 25. Bf1 b6 26. cxb6 Rxb6 27. Rxb6 Qxb6 28. Nd3 Qa5 29. Rc2 Qa4 30. Rc3 Rb8 31. Qf2 Rb6 32. Qe1 Bf7 33. Qc1 h6 34. Nc5 Qa5 35. Bd3 Ne7 36. h3 Rc6 37. Qb2 Rb6 38. Qc2 Rc6 39. Qb2 Rb6 40. Qc1 Rc6 41. Kh2 Kh7 42. Bxa6 Ng6 43. Bd3 Qd8 44. a4 Nh4 45. Rc2 Qg5 46. Qe1 Qxg2+ 47. Rxg2 Nf3+ 48. Kg3 Nxe1 49. Rd2 Bh5 50. Be2 f4+ 51. exf4 Bg6 52. Bb5 Rb6 53. Nd7 1-0

[Event "SWE-chT 1920 Superettan"]
[Site "Sweden"]
[Date "2019.10.19"]
[Round "2"]
[White "Nygren, David"]
[Black "Andersson, Goran L"]
[Result "0-1"]
[WhiteElo "2278"]
[BlackElo "2275"]
[PlyCount "82"]
[EventDate "2019.10.18"]
[EventType "team-tourn"]
[EventRounds "9"]
[EventCountry "SWE"]
[SourceTitle "EXT 2023"]
[Source "ChessBase"]
[SourceDate "2022.10.05"]
[SourceVersion "1"]
[SourceVersionDate "2022.10.05"]
[SourceQuality "1"]
[WhiteTeam "Umea Rockaden"]
[BlackTeam "Kristallen"]
[WhiteTeamCountry "SWE"]
[BlackTeamCountry "SWE"]

1. e4 e5 2. Bc4 Nf6 3. d4 exd4 4. Nf3 d5 5. exd5 Bb4+ 6. c3 Qe7+ 7. Be2 dxc3 8. Nxc3 0-0 9. 0-0 Rd8 10. Bg5 h6 11. Bxf6 Qxf6 12. Qb3 Bxc3 13. bxc3 Nd7 14. Rfe1 Nc5 15. Qa3 b6 16. Rad1 Bb7 17. c4 c6 18. dxc6 Qxc6 19. Bf1 Qf6 20. Rxd8+ Rxd8 21. Ne5 Rd2 22. Ng4 Qf4 23. Re8+ Kh7 24. Qe3 Qxe3 25. Nxe3 Rxa2 26. h4 h5 27. Re7 Kg6 28. Re5 f6 29. Re7 Rd2 30. f4 f5 31. g3 Kf6 32. Re8 g6 33. Rf8+ Ke7 34. Rh8 a5 35. Rh7+ Ke6 36. Bh3 a4 37. Rh6 Kf7 38. Nf1 Re2 39. Bxf5 gxf5 40. Rxb6 a3 41. Rb5 a2 0-1

[Event "SWE-chT 1819 Elite"]
[Site "Sweden"]
[Date "2019.03.10"]
[Round "5"]
[White "Nygren, David"]
[Black "Hammer, Jon Ludvig"]
[Result "0-1"]
[WhiteElo "2288"]
[BlackElo "2659"]
[PlyCount "80"]
[EventDate "2018.11.09"]
[EventType "team-tourn"]
[EventRounds "9"]
[EventCountry "SWE"]
[SourceTitle "EXT 2021"]
[Source "ChessBase"]
[SourceDate "2020.10.23"]
[SourceVersion "1"]
[SourceVersionDate "2020.10.23"]
[SourceQuality "1"]
[WhiteTeam "Umea Rockaden"]
[BlackTeam "Stockholm Rockaden"]
[WhiteTeamCountry "SWE"]
[BlackTeamCountry "SWE"]

1. e4 c5 2. c3 Nf6 3. e5 Nd5 4. d4 cxd4 5. Nf3 d6 6. cxd4 Nc6 7. a3 dxe5 8. dxe5 Bg4 9. Nbd2 Qa5 10. h3 Bxf3 11. Qxf3 Nc7 12. Be2 Ne6 13. 0-0 Ned4 14. Qd3 Qxe5 15. Bf3 Rd8 16. Be4 e6 17. Nc4 Qh5 18. g4 Qb5 19. b4 Ne5 20. Nxe5 Ne2+ 21. Qxe2 Qxe2 22. Be3 Qb5 23. Nf3 Bd6 24. Bg5 Be7 25. Bd2 f5 26. gxf5 exf5 27. a4 Qd7 28. Bc2 Qc6 29. Bd1 0-0 30. Bb3+ Kh8 31. Ne5 Qc7 32. Bf4 Qc3 33. Be6 Qxb4 34. Be3 f4 35. Bxa7 Qa5 36. Nf7+ Rxf7 37. Bxf7 Qxa7 38. Rae1 Qa5 39. Re6 f3 40. Re4 Qf5 0-1

[Event "SWE-chT 1819 Elite"]
[Site "Sweden"]
[Date "2019.03.09"]
[Round "6"]
[White "Nygren, David"]
[Black "Bellon Lopez, Juan Manuel"]
[Result "1-0"]
[WhiteElo "2288"]
[BlackElo "2337"]
[PlyCount "93"]
[EventDate "2018.11.09"]
[EventType "team-tourn"]
[EventRounds "9"]
[EventCountry "SWE"]
[SourceTitle "EXT 2021"]
[Source "ChessBase"]
[SourceDate "2020.10.23"]
[SourceVersion "1"]
[SourceVersionDate "2020.10.23"]
[SourceQuality "1"]
[WhiteTeam "Umea Rockaden"]
[BlackTeam "Wasa"]
[WhiteTeamCountry "SWE"]
[BlackTeamCountry "SWE"]

1. e4 c5 2. c3 Qa5 3. Nf3 d6 4. Na3 a6 5. d4 Nf6 6. e5 Nfd7 7. exd6 cxd4 8. Nc4 Qd5 9. dxe7 Bxe7 10. Ne3 Qh5 11. g4 Qc5 12. Nxd4 0-0 13. Bg2 Ne5 14. 0-0 Rd8 15. Qe2 Nbc6 16. Nef5 Bxf5 17. Nxf5 Bf8 18. Bg5 Re8 19. Rfe1 h6 20. Be3 Qb5 21. Bf1 Qd5 22. Bg2 Qb5 23. h3 Rad8 24. Qxb5 axb5 25. Bb6 Ra8 26. b3 g6 27. Nd4 b4 28. Nxc6 Nxc6 29. Rxe8 Rxe8 30. Bxc6 bxc6 31. cxb4 Bxb4 32. a4 c5 33. a5 Ra8 34. Rc1 Rb8 35. Rd1 Kg7 36. Rd8 Rb7 37. a6 Rxb6 38. a7 Ra6 39. a8Q Rxa8 40. Rxa8 Kf6 41. Re8 Kg5 42. Kg2 f5 43. Kg3 Bd2 44. Rc8 Bf4+ 45. Kf3 fxg4+ 46. hxg4 Bd6 47. Rc6 1-0

[Event "SWE-chT 1819 Elite"]
[Site "Sweden"]
[Date "2018.11.11"]
[Round "3.1"]
[White "Schneider, Stefan"]
[Black "Nygren, David"]
[Result "1-0"]
[WhiteElo "2365"]
[BlackElo "2288"]
[PlyCount "61"]
[EventDate "2018.11.09"]
[EventType "team-tourn"]
[EventRounds "9"]
[EventCountry "SWE"]
[SourceTitle "CBM 187 Extra"]
[Source "ChessBase"]
[SourceDate "2018.11.04"]
[SourceVersion "1"]
[SourceVersionDate "2018.11.04"]
[SourceQuality "1"]
[WhiteTeam "Limhamn"]
[BlackTeam "Umea Rockaden"]
[WhiteTeamCountry "SWE"]
[BlackTeamCountry "SWE"]

1. d4 Nf6 2. Nf3 c5 3. d5 e6 4. Nc3 exd5 5. Nxd5 Nc6 6. Bg5 Be7 7. Nxe7 Qxe7 8. c4 d6 9. e3 0-0 10. Be2 Be6 11. 0-0 Rfd8 12. Qc2 h6 13. Bh4 d5 14. a3 d4 15. Rae1 dxe3 16. fxe3 Bg4 17. Bd3 Bxf3 18. gxf3 Rd6 19. Bf5 Rad8 20. Re2 Re8 21. Rff2 Ne5 22. Rf1 Red8 23. b3 Re8 24. Kh1 Qd8 25. Rg2 Kh8 26. f4 Nc6 27. Rfg1 Rg8 28. Bh7 Re8 29. Rxg7 Qc8 30. Bf5 Qd8 31. Bxf6 1-0

[Event "SWE-chT 1718 Superettan"]
[Site "Sweden"]
[Date "2018.03.17"]
[Round "8"]
[White "Nygren, David"]
[Black "Eksmyr, Johan"]
[Result "1-0"]
[WhiteElo "2221"]
[BlackElo "2210"]
[PlyCount "75"]
[EventDate "2017.10.20"]
[EventType "team-tourn"]
[EventRounds "9"]
[EventCountry "SWE"]
[SourceTitle "EXT 2019"]
[Source "ChessBase"]
[SourceDate "2018.10.10"]
[SourceVersion "1"]
[SourceVersionDate "2018.10.10"]
[SourceQuality "1"]
[WhiteTeam "Umea Rockaden"]
[BlackTeam "Orgryte"]
[WhiteTeamCountry "SWE"]
[BlackTeamCountry "SWE"]

1. e4 c6 2. d4 d5 3. e5 Bf5 4. Nf3 e6 5. Be2 h6 6. 0-0 Ne7 7. b3 Nc8 8. c4 Be7 9. Nc3 0-0 10. Bb2 Nd7 11. cxd5 cxd5 12. Bd3 Bg6 13. Bxg6 fxg6 14. Qd3 Qe8 15. Rae1 g5 16. Nb5 Qf7 17. Nc7 Rb8 18. Nxd5 exd5 19. e6 Qe8 20. exd7 Qxd7 21. Ne5 Qd6 22. Qh3 Nb6 23. Ng4 Rbe8 24. Qh5 Nd7 25. Qh3 Nf6 26. Re6 Qf4 27. Ne3 Bd8 28. Re5 Bc7 29. Rf5 Qe4 30. Qf3 Qxf3 31. Rxf3 Bf4 32. Ba3 Rf7 33. Nd1 Ne4 34. Bb4 Bd2 35. Rxf7 Kxf7 36. f3 Bxb4 37. fxe4+ Ke6 38. a3 1-0

[Event "SWE-chT 1718 Superettan"]
[Site "Sweden"]
[Date "2018.03.16"]
[Round "7.1"]
[White "Nygren, David"]
[Black "Akesson, Joel"]
[Result "1-0"]
[WhiteElo "2221"]
[BlackElo "2276"]
[PlyCount "59"]
[EventDate "2017.10.20"]
[EventType "team-tourn"]
[EventRounds "9"]
[EventCountry "SWE"]
[SourceTitle "EXT 2019"]
[Source "ChessBase"]
[SourceDate "2018.10.10"]
[SourceVersion "1"]
[SourceVersionDate "2018.10.10"]
[SourceQuality "1"]
[WhiteTeam "Umea Rockaden"]
[BlackTeam "Manhem"]
[WhiteTeamCountry "SWE"]
[BlackTeamCountry "SWE"]

1. e4 e6 2. d4 d5 3. Nc3 Bb4 4. e5 Ne7 5. a3 Bxc3+ 6. bxc3 b6 7. Qg4 Ng6 8. Bd3 Ba6 9. Bg5 Qc8 10. Ne2 Bxd3 11. cxd3 Qa6 12. Qg3 Nd7 13. 0-0 c5 14. a4 Rc8 15. f4 h6 16. f5 exf5 17. Bd2 Ne7 18. Nf4 g5 19. e6 gxf4 20. Qg7 Rf8 21. exd7+ Kxd7 22. Rfe1 Ng6 23. c4 dxc4 24. Qf6 Kc7 25. a5 c3 26. Bxc3 Qb7 27. axb6+ axb6 28. dxc5 Qc6 29. Re7+ Kb8 30. Be5+ 1-0

[Event "SWE-chT 1718 Superettan"]
[Site "Sweden"]
[Date "2018.01.13"]
[Round "4"]
[White "Nygren, David"]
[Black "Pohjala, Henri"]
[Result "1-0"]
[WhiteElo "2221"]
[BlackElo "2372"]
[PlyCount "63"]
[EventDate "2017.10.20"]
[EventType "team-tourn"]
[EventRounds "9"]
[EventCountry "SWE"]
[SourceTitle "EXT 2019"]
[Source "ChessBase"]
[SourceDate "2018.10.10"]
[SourceVersion "1"]
[SourceVersionDate "2018.10.10"]
[SourceQuality "1"]
[WhiteTeam "Umea Rockaden"]
[BlackTeam "Vasteras"]
[WhiteTeamCountry "SWE"]
[BlackTeamCountry "SWE"]

1. e4 d5 2. exd5 Qxd5 3. Nc3 Qd8 4. d4 Nf6 5. Bc4 a6 6. Nf3 b5 7. Bb3 Bb7 8. 0-0 Nbd7 9. Ng5 e6 10. d5 Nc5 11. dxe6 Qxd1 12. exf7+ Ke7 13. Rxd1 Nxb3 14. cxb3 h6 15. Re1+ Kd7 16. Ne6 g5 17. Bd2 Bd5 18. Nxd5 Nxd5 19. Rad1 c6 20. Ba5 Rc8 21. Nd4 Bc5 22. Ne6 Bf8 23. Bb6 Rh7 24. Bc5 Bxc5 25. Nxc5+ Kd6 26. Re8 Rh8 27. Rde1 Nf6 28. Ne4+ Nxe4 29. R1xe4 Kd7 30. R4e7+ Kd6 31. Rxh8 Rxh8 32. Re8 1-0

[Event "SWE-chT 1718 Superettan"]
[Site "Sweden"]
[Date "2017.10.20"]
[Round "1"]
[White "Mohammadi, Amir"]
[Black "Nygren, David"]
[Result "1/2-1/2"]
[WhiteElo "2311"]
[BlackElo "2221"]
[PlyCount "148"]
[EventDate "2017.10.20"]
[EventType "team-tourn"]
[EventRounds "9"]
[EventCountry "SWE"]
[SourceTitle "EXT 2019"]
[Source "ChessBase"]
[SourceDate "2018.10.10"]
[SourceVersion "1"]
[SourceVersionDate "2018.10.10"]
[SourceQuality "1"]
[WhiteTeam "Kamraterna"]
[BlackTeam "Umea Rockaden"]
[WhiteTeamCountry "SWE"]
[BlackTeamCountry "SWE"]

1. e4 e6 2. d4 d5 3. Nc3 Bb4 4. Nge2 dxe4 5. a3 Bxc3+ 6. Nxc3 Nc6 7. Bb5 Nge7 8. Nxe4 0-0 9. c3 Qd5 10. Bxc6 bxc6 11. Qf3 e5 12. 0-0 f5 13. Ng5 e4 14. Qh5 h6 15. Nh3 f4 16. Nxf4 Rxf4 17. Qe8+ Rf8 18. Qxe7 Ba6 19. Re1 Rae8 20. Qxc7 Re6 21. Be3 Qh5 22. Bf4 Qf5 23. Bg3 e3 24. fxe3 Rxe3 25. h3 Be2 26. Qxc6 Rf6 27. Qc5 Qg6 28. Rxe2 Rxe2 29. Qc4+ Rfe6 30. Re1 Rxe1+ 31. Bxe1 Qe4 32. Bg3 Kh7 33. Qf1 Rf6 34. Qe1 Qd3 35. h4 Rb6 36. Qf2 Qb1+ 37. Qf1 Rxb2 38. Be5 Qe4 39. Qf3 Rb1+ 40. Kh2 Qxh4+ 41. Qh3 Qxh3+ 42. gxh3 Rb3 43. d5 Rb5 44. c4 Rc5 45. Bd4 Rxc4 46. Bxa7 Ra4 47. Bb6 Rxa3 48. d6 Rd3 49. Bc7 Kg6 50. Kg2 Kf5 51. Kf2 Ke6 52. Kg2 g5 53. Kh2 h5 54. Kg2 Kf5 55. Kf2 g4 56. hxg4+ Kxg4 57. Ke2 Rd5 58. Ke3 Kf5 59. Kf3 Rd3+ 60. Ke2 Ke4 61. Kf2 h4 62. Kg2 Kf5 63. Kh2 Kg4 64. Kg2 Rd2+ 65. Kh1 Kf3 66. Kg1 h3 67. Kh1 Kg4 68. Bb8 Rb2 69. Bc7 Rd2 70. Bb8 Rd1+ 71. Kh2 Kf3 72. Bc7 Kg4 73. Bb8 Rb1 74. Bc7 Rb2+ 1/2-1/2